The Alphabet Game - Gossip Girl Edition - Statistics

General Stats
  • This quiz has been taken 178 times
  • The average score is 22 of 26
Answer Stats
% Correct
D Gossip Girl's identity Dan Humphrey
99%
A What Carol, Lily's sister, is to Serena Aunt
98%
N The city they live in New York
96%
H Dan's, Jenny's and Rufus' surname Humphrey
95%
B The neighbourhood the Humphrey's live in Brooklyn
94%
J Chuck's uncle Jack Bass
94%
P Blair loves this city in Europe Paris
94%
Y The college Blair wanted to go to Yale
94%
F The sector Jenny wants to work in Fashion
92%
W What Rufus always cooks for breakfast Waffles
92%
X The sign-off Gossip Girl uses to say farewell XOXO
92%
R What Nate and his father used to do at Central Park Run
91%
T The holiday where drama is served with turkey Thanksgiving
91%
E Chuck's hotel Empire
90%
G An iconic troublemaker who loves to create chaos Georgina Sparks
89%
L How Gossip Girl refers to Dan Lonely boy
89%
Q How Gossip Girl refers to Blair Queen B
89%
C The girls' school Constance
80%
M Louis is a prince of this country Monaco
80%
U The neighbourhood the story is about Upper East Side
80%
I The name of Dan's book Inside
68%
V The Van der Woodsen's doorman Vanya
66%
Z (contains Z) People who follow mostly Serena and Blairto take pictures of them Paparazzi
64%
O Dan and Jenny are considered this at the beggining Outsiders
60%
K The party where Chuck attempts to force himself on Jenny Kiss on the Lips
57%
S Nate's newspaper the Spectator
57%
No matching quizzes found
Score Distribution
Percent of People with Each Score
Percentile by Number Answered
Your Score History
You have not taken this quiz